000 01640nam a2200433 i 4500
001 ELB67540
003 FlNmELB
006 m o d |
007 cr cnu||||||||
008 170728s2016 cl a ob 001 0 spa d
020 _z9789560103284
020 _a9781512938098 (e-book)
035 _a(MiAaPQ)EBC4850270
035 _a(Au-PeEL)EBL4850270
035 _a(CaPaEBR)ebr11379800
035 _a(OCoLC)1105921235
040 _aFINmELB
_bspa
_erda
_cFINmELB
050 4 _aF3281.C7
_bF365 2016
080 _a983
082 0 _a983.142
_223
100 1 _aFernández Abara, Joaquín.
245 1 0 _aRegionalismo, liberalismo y rebelión :
_bCopiapó en la guerra civil de 1859 /
_cJoaquín Fernández Abara.
264 1 _aSantiago de Chile :
_bRIL editores,
_c[2016]
300 _a1 recurso en línea (317 páginas) :
_bIlustraciones
336 _atexto
_btxt
_2rdacontent/spa
337 _acomputadora
_bc
_2rdamedia/spa
338 _arecurso en línea
_bcr
_2rdacarrier/spa
500 _aContiene índice.
504 _aContiene bibliografía.
588 _aDescripción basada en recurso en línea; Título de la página del título en PDF (e-libro, visto July 28, 2017).
590 _aRecurso electronico. Santa Fe, Arg. : e-libro, 2016. Disponible via World Wide Web. El acceso puede ser limitado para las bibliotecas afiliadas a e-libro.
651 0 _aCopiapó (Chile)
_xHistory.
651 4 _aCopiapó (Chile)
_xHistoria.
651 0 _aChile
_xHistory.
651 4 _aChile
_xHistoria.
655 4 _aLibros electrónicos.
797 2 _ae-libro, Corp.
856 4 0 _uhttps://elibro.net/ereader/usam/67540
999 _c137718
_d137718